Statistics for Countries That Use the U.S. Dollar

Click here to take the quiz!

General Stats

  • This quiz has been taken 52 times
  • The average score is 4 of 9

Answer Stats

Country% Correct
United States
100%
Ecuador
50%
Panama
48%
El Salvador
42%
Marshall Islands
38%
Micronesia
38%
Palau
38%
Zimbabwe
27%
East Timor
17%

Score Distribution

Percentile by Number Answered

Percent of People with Each Score

Your Score History

You have not taken this quiz